000 01083cam8a220030100 4500
001 lce00767760
008 720915s1973 nyua b 000 0 eng
010 _a 72008781 //r862
020 _a0471531553
035 _a(Sirsi) r45256
035 _a(DLC) 72008781 //r862
035 _a(UPRA)lce00767760
040 _dUPRA
050 0 _aQR41.2
_b.L48
060 _aQW4 L668i 1973
082 _a576
100 1 _aLevy, Julia G., 1934-
_dLevy, Julia G., 1934-
_6A2916.1
245 1 0 _aIntroductory microbiology /
_c[by] Julia Levy, Jack J.R. Campbell [and] T. Henry Blackburn.
260 _aNew York :
_bWiley,
_c[1973]
504 _aIncludes bibliographies.
650 0 _aMicrobiology.
_6S210.1
650 2 _aMicrobiology.
_6S210.1
700 1 _aCampbell, Jack James Ramsay, 1918-
_dCampbell, Jack James Ramsay, 1918-
_6A2917.1
700 1 _aBlackburn, T. Henry (Thomas Henry), 1933-
_qBlackburn, T. Henry (Thomas Henry), 1933-
_dBlackburn, T. Henry (Thomas Henry), 1933-
_6A2918.1
949 _aQR41.2
_wlcc
_mMAIN
_tBOOK
_lON-SHELF
004 45256
987 _aWITHDRAWN.
999 _c164666
_d164666